| 000 | 00957cam a22002891 4500 | ||
|---|---|---|---|
| 001 | 28209 | ||
| 003 | BD-RjUL | ||
| 005 | 20211209051242.0 | ||
| 008 | 140329s19561892enk b 000 0 eng | ||
| 035 | _a(BD-RjUL)28290 | ||
| 035 | _a(OCoLC)602331 | ||
| 040 |
_aDLC _cOKentU _dOCoLC _dDLC _beng |
||
| 041 | _aeng | ||
| 082 |
_a101 _bBOH 1956 |
||
| 100 | 1 |
_aBosanquet, Bernard, _d1848-1923. _979466 |
|
| 245 | 1 | 2 |
_aA history of æsthetic / _cBernard Bosanquet. |
| 250 | _a2nd. ed. | ||
| 260 |
_aLondon : _bS. Sonnenschein & Co.; _aNew York : _bMacmillan & Co., _c1904 [reprinting 1956] |
||
| 300 |
_axxiii, 502 p. ; _c24 cm. |
||
| 500 | _aAppendix I. Hegel's abstract of his æsthetic system.-Appendix II. Some analyses of musical expression, by Mr. J.D. Rogers. | ||
| 504 | _aincludes index | ||
| 650 | 0 |
_aAesthetics _xHistory. _986387 |
|
| 942 |
_2ddc _cBK |
||
| 999 |
_c28209 _d28209 |
||